000 00716nmc a2200253 a 4500
003 AR-BaBNM
005 20251128211652.0
008 045020s2005 ||||||||||||||000 | spa||
020 _a987-1004-77-X
040 _cAR-BaBNM
100 1 _aArnaiz, María del Carmen
245 1 0 _aLas Pymes en América Latina
_bparadojas de las nuevas tecnologías de la educación
260 _aBuenos Aires
_bLa Crujía
_c2005
_bInstituto Torcuato Di Tella
300 0 _a156 p.
490 0 _aAyacucho. Documento de trabajo
_vv. 13
650 4 _aPOLITICA ECONOMICA
650 4 _aECONOMIA
651 4 _aAmérica Latina
651 4 _aArgentina
653 _aPYMES
653 _aMERCOSUR
942 _cBK
998 _cmariana
999 _c20632
_d20632